Matematika a speciális alapiskola 7. osztálya számára : munkafüzet 2. rész

Bibliographic Details
Main Author: Melišková, Lýdia (Author)
Other Authors: Hollá, Judita (Translator), Melišek, Jaroslav (Illustrator), Imro, Igor, 1943- (Photographer)
Format: Book
Language:Hungarian
Slovak
PhysicalDescription:64 s., IV s. fotogr. príl. fareb. fotogr., ilustr. 30 cm
Published: Bratislava Slovenské pedagogické nakladateľstvo - Mladé letá 2016
ISBN:9788010030255
Edition:5. kiadás
Subjects:

MARC

LEADER 00000cam a2200000 a 4500
001 vtls011576153
003 SK-MaSNL
005 20260301092716.0
008 240318s2016 xo oa c 000 0 hun
015 |a SNBA2017/01 
020 |a 9788010030255  |q (brož.) 
035 |a urn:nbn:sk:snk-am00cwg5 
035 |a urn:nbn:sk:snk-am3hn9e 
035 |a 934952D5-3C49-4983-B16B-21A7260977E4 
040 |a SNK  |b slo  |c SNK  |e AACR2 
041 1 |a hun  |h slo 
044 |a xo  |c SK 
072 7 |a 51  |x Matematika  |2 konspekt 
080 |a 51  |2 2011 
080 |a (075.2)  |2 2011 
080 |a (076.1)  |2 2011 
100 1 |a Melišková, Lýdia  |4 aut  |9 178157 
240 1 0 |a Matematika pre 7. ročník špeciálnej základnej školy s vyučovacím jazykom maďarským  |l Maďarsky 
245 1 0 |a Matematika  |b a speciális alapiskola 7. osztálya számára : munkafüzet  |n 2. rész  |c [szerző Lýdia Melišková ; fordította Judita Hollá ; illusztráció Igor Imro, Jaroslav Melišek (foto o doprave)] 
250 |a 5. kiadás 
260 |a Bratislava  |b Slovenské pedagogické nakladateľstvo - Mladé letá  |c 2016 
300 |a 64 s., IV s. fotogr. príl.  |b fareb. fotogr., ilustr.  |c 30 cm 
500 |a Tiráž aj slovenská 
650 0 7 |a matematika  |2 SNKPH  |9 70174 
650 0 7 |a Mathematics  |2 SNKPHeng  |9 265620 
655 7 |a pracovné zošity  |2 SNKPH  |9 70188 
655 7 |a učebnice špeciálnych základných škôl  |2 SNKPH  |9 70204 
655 7 |a Activity books  |2 SNKPHeng  |9 302885 
655 7 |a Textbooks (elementary)  |2 SNKPHeng  |9 276977 
700 1 |a Hollá, Judita  |4 trl  |9 64682 
700 1 |a Melišek, Jaroslav  |4 ill  |9 69758 
700 1 |a Imro, Igor,  |d 1943-  |4 pht  |9 86339 
852 |a Štátna vedecká knižnica v Banskej Bystrici 
919 |a 978-80-10-03025-5 
958 |a OP 
968 |a Mag  |b SLO 
999 |c 674849  |d 676779 
952 |a SNK  |b SNK  |y PREZ  |7 0  |p 17A1250437  |o snkSB 91006/2  |i snk2016/28735  |8 0  |0 0  |1 0  |4 0  |d 2016-12-13  |f 1  |l 0  |r 2025-05-14 00:00:00  |w 2026-02-23 
952 |a SNK  |b SNK  |y VYP  |7 0  |p 17A1250438  |o snkSB 91006/2 D1  |i snk2016/28736  |8 0  |0 0  |1 0  |4 0  |d 2016-12-13  |l 0  |r 2026-02-23 19:38:50  |w 2026-02-23